[Event "Bijnor op"]
[Site "Bijnor"]
[Date "2024.03.21"]
[Round "9"]
[White "Shubh, Singh Saini"]
[Black "Sparsh, Yadav"]
[Result "1/2-1/2"]
[WhiteElo "1683"]
[BlackElo "1775"]
[PlyCount "43"]
[EventDate "2024.03.17"]
[EventType "swiss"]
[EventRounds "9"]
[EventCountry "IND"]
[SourceTitle "CB13_2024"]
[SourceDate "2024.03.27"]
[SourceVersion "1"]
[SourceVersionDate "2024.03.27"]
[SourceQuality "1"]

1. e4 e5 2. Nf3 Nc6 3. d3 d5 4. Nbd2 Bc5 5. g3 Bg4 6. Bg2 Nge7 7. h3 Be6 8. 0-0 f6 9. Qe2 Qd7 10. Kh2 0-0-0 11. a3 d4 12. b4 Bb6 13. Nb3 Qd6 14. Bd2 a6 15. Rfb1 g5 16. Qe1 h5 17. Ng1 Ng6 18. a4 Nb8 19. b5 axb5 20. axb5 h4 21. g4 Bxb3 22. Qd1 1/2-1/2